Loading...
History - Other History | 0 | 3 | 0 | 0 | 30 | 114 | 121.33 | 0 | 0 |
History - World History | 0 | 2 | 0 | 0 | 20 | 79 | 96.50 | 0 | 1 |
History - European History | 0 | 2 | 1 | 0 | 15 | 41 | 65.00 | 1 | 1 |
Current Events | 0 | 1 | 0 | 0 | 10 | 50 | 50.00 | 0 | 1 |
Mythology | 0 | 1 | 0 | 0 | 10 | 126 | 126.00 | 0 | 0 |
Other Academic | 0 | 1 | 0 | 0 | 10 | 122 | 122.00 | 0 | 1 |
Philosophy | 0 | 1 | 0 | 0 | 10 | 100 | 100.00 | 0 | 0 |
Religion | 0 | 1 | 0 | 0 | 10 | 115 | 115.00 | 0 | 0 |
Science - Biology | 0 | 1 | 0 | 1 | 10 | 118 | 118.00 | 0 | 0 |
Fine Arts - Other Fine Arts | 0 | 1 | 1 | 0 | 5 | 129 | 129.00 | 0 | 0 |
Social Science | 0 | 1 | 1 | 0 | 5 | 97 | 97.00 | 0 | 1 |
History - American History | 0 | 0 | 0 | 0 | 0 | 0.00 | 0 | 0 | |
Geography | 0 | 1 | 2 | 1 | 0 | 126 | 126.00 | 0 | 0 |
Fine Arts - Painting and Sculpture | 0 | 0 | 1 | 0 | -5 | 0.00 | 0 | 0 |